| 000 | 00524nam a2200181Ia 4500 | ||
|---|---|---|---|
| 008 | 090630s9999 xx 000 0 und d | ||
| 082 | _b5254 | ||
| 100 | _aकिर गिरीजा. | ||
| 245 |
_aदर्शन. _cकिर गिरीजा. |
||
| 260 |
_bहेमचंद्र. _c1980 |
||
| 300 | _a132 | ||
| 600 | _aकिर गिरीजा. | ||
| 630 | _aदर्शन. | ||
| 655 | _aचरित्र. | ||
| 700 | _aकिर गिरीजा. | ||
| 730 | _aदर्शन. | ||
| 942 | _cBOOK | ||
| 999 |
_c257110 _d257110 |
||